[Event "Brno Morava-A"]
[Site "Brno"]
[Date "1991.??.??"]
[Round "3"]
[White "Stohl, Igor"]
[Black "Dautov, Rustem"]
[Result "0-1"]
[WhiteElo "2555"]
[BlackElo "2595"]
[Annotator "Ernst,T"]
[PlyCount "79"]
[EventDate "1991.09.??"]
[EventType "tourn"]
[EventRounds "9"]
[EventCountry "CSR"]
[EventCategory "13"]
[SourceTitle "CBM 026"]
[Source "ChessBase"]
[SourceDate "1992.02.01"]
[SourceVersion "1"]
[SourceVersionDate "1992.02.01"]
[SourceQuality "1"]

1. Nf3 {Horn,Pe} d5 2. c4 (2. g3 c5 3. Bg2 Nc6 4. O-O e6 5. d3 Nf6 6. Nbd2 Be7
7. e4 O-O 8. Re1 b5 9. e5 Nd7 10. Nf1 a5 11. h4 b4 12. Bf4 Ba6 13. g4 Nd4 14.
Nxd4 cxd4 15. g5 a4 16. b3 Qb6 17. Nh2 Rfc8 $13 {Mit beiderseitigen Chancen in
Balinas - Uhlmann, Lugano 1968.}) 2... d4 3. e3 (3. g3 Nc6 4. Bg2 e5 5. d3 Nf6
6. O-O a5 7. Na3 Bc5 8. Nc2 O-O 9. a3 Re8 10. Bg5 h6 11. Bxf6 Qxf6 12. Nd2 a4
$10 {Larsen - Short, Hastings 1988-1989.}) 3... Nc6 4. exd4 (4. b4 dxe3 5. fxe3
Nxb4 6. d4 e5 7. a3 Nc6 8. d5 e4 $1 9. Nfd2 Ne5 10. Nxe4 Qh4+ 11. Nf2 Nh6 $1
$40 {Plachetka - Lukacs, Vrnjacka Banja 1985.}) 4... Nxd4 5. Nxd4 Qxd4 6. Nc3
e5 7. d3 Ne7 8. Be3 (8. Qe2 Bd7 9. Be3 Qd6 10. O-O-O O-O-O 11. g3 Nf5 12. Bh3
Nxe3 13. Bxd7+ Rxd7 14. fxe3 Be7 $10 {Bagirov - Michalchichin, 1978.}) 8... Qd8
9. g4 {Ein neuer Zug.} (9. d4 {Horn,Pe} exd4 (9... Nf5 10. dxe5 Nxe3 11. Qxd8+
Kxd8 12. fxe3 c6 13. O-O-O+ Kc7 14. Ne4 $13) 10. Qxd4 Qxd4 11. Bxd4 Nc6 12. Be3
Bb4 $10 {Langeweg-Hort, Amsterdam 1978}) (9. Qe2 $5 {Horn,Pe} Nc6 10. O-O-O $13
{Panchenko-Hodgson, Palma GMA-op 1989}) 9... Ng6 10. Bg2 Be7 11. h3 (11. Qe2 $5
{Horn,Pe}) 11... O-O (11... Bg5 {Horn,Pe}) 12. Qd2 c6 13. O-O-O Be6 14. Be4 Qd7
15. g5 (15. Kb1 $5 $13 {Horn,Pe}) 15... Nh4 (15... Bxh3 $2 {Horn,Pe} 16. Rh2 {
/\ Rdh1}) 16. Rdg1 (16. f4 $5 $13 {Horn,Pe}) 16... Rad8 17. Qe2 b5 18. Kb1 (18.
Bxh7+ {Horn,Pe} Kxh7 19. Qh5+ Kg8 20. Qxh4 Qxd3 $19) 18... Nf5 19. Qf3 (19. h4
{Horn,Pe}) 19... bxc4 20. dxc4 Nd4 21. Bxd4 Qxd4 22. b3 (22. Bxh7+ {Horn,Pe}
Kxh7 23. Qh5+ Kg8 24. Rg4 Bf5+ (24... Bxg4 $2 25. hxg4 $18) 25. Ka1 Bg6 $1 $19)
(22. Qh5 {Horn,Pe} g6 23. Qh6 Rfe8 24. Rg4 (24. h4 $4 Bf8 $19) 24... Bf8 $19)
22... Qd2 23. Rd1 (23. h4 {Horn,Pe} Ba3 24. Nd1 Bxc4 25. bxc4 Rb8+ $19) 23...
Qxg5 24. Bxc6 Qg6+ 25. Be4 (25. Kb2 {Horn,Pe} Bc5 26. Rhg1 Qh6 $40) 25... f5
26. Bd5 e4 27. Qg3 (27. Bxe6+ Qxe6 $17) 27... Qf6 28. Bxe6+ (28. Rhg1 {Horn,Pe}
) 28... Qxe6 29. Rxd8 Rxd8 30. Nd5 Bd6 31. Qe3 Rd7 32. f3 Qe5 33. fxe4 (33. Re1
{Horn,Pe} Ba3 34. Re2) 33... Ba3 34. Qe2 (34. Nc3 f4 35. Qe1 Rd3 36. Kc2 Rxc3+
$1 37. Qxc3 Qxe4+ $19) 34... fxe4 35. Rf1 e3 36. Rf3 (36. Nxe3 Bc5 (36... Rd3 {
Horn,Pe} 37. Rf3 Qc3) 37. Rf3 Re7 $19) 36... Qe4+ 37. Ka1 Bc5 38. a4 Rf7 39.
Rxf7 Kxf7 40. b4 0-1

[Event "EU-ch 20th"]
[Site "Skopje"]
[Date "2019.03.21"]
[Round "4"]
[White "Romanov, Evgeny"]
[Black "Baron, Tal"]
[Result "0-1"]
[WhiteElo "2612"]
[BlackElo "2506"]
[Annotator "Fernandez,D"]
[PlyCount "80"]
[EventDate "2019.03.18"]
[EventType "swiss"]
[EventRounds "11"]
[EventCountry "MKD"]
[Tiebreak "Sum of Buchholz"]
[SourceTitle "CBM 189"]
[Source "ChessBase"]
[SourceDate "2019.04.29"]
[SourceVersion "1"]
[SourceVersionDate "2019.04.29"]
[SourceQuality "1"]

{[%evp 0,80,31,20,19,-1,21,10,64,13,8,8,8,-25,-5,-36,-13,-15,-28,-27,-28,-20,
-23,5,18,24,29,33,34,39,31,34,32,18,25,41,65,79,100,88,88,79,79,63,110,122,131,
52,64,18,11,11,37,-3,-54,-152,-88,-133,-150,-383,-348,-325,-325,-331,-340,-363,
-363,-345,-278,-348,-398,-404,-480,-602,-531,-540,-464,-1196,-1255,-29979,
-29980,-29981,-1312]} 1. Nf3 d5 2. c4 d4 3. b4 {This opening has been a
front-runner in the battle for my attention for the past five years.} Bg4 {
Black has an astonishing number of principled ways to react, perhaps none more
so than the text.} ({Against} 3... g5 $5 {White is best off reacting calmly.}
4. h3 (4. Bb2 Bg7 5. Nxg5 e5 6. Ne4 f5 7. Ng3 Nf6 $44) 4... h6 (4... Bg7 5.
Nxg5 e5 6. d3 $14) 5. Bb2 (5. e3 $5 dxe3 6. fxe3 Bg7 7. d4 e5 $1 8. Nxe5 Bxe5
9. dxe5 Qxd1+ 10. Kxd1 Nc6 $132) 5... Bg7 6. e3 e5 7. exd4 exd4 8. d3 $132 {
White has achieved the necessary Benko-esque action.}) (3... f6 {strongly
encourages White to sacrifice a pawn.} 4. d3 e5 5. a3 (5. Ba3 $5 {is
interesting as in Horton,A-Fodor,T England 2016}) 5... c5 6. e3 cxb4 7. exd4
exd4 8. g3 $44) (3... g6 {was Romanov's own choice on the Black side:} 4. Bb2 (
4. g3 $5) 4... Bg7 5. e3 e5 6. exd4 $2 e4 7. Ne5 f6 8. Ng4 Bxg4 9. Qxg4 f5 10.
Qd1 Bxd4 11. Nc3 Nc6 $17 {Ehlvest,J-Romanov,E Berlin 2015}) (3... c5 4. e3 {
has always seemed to me to be 'neither flesh nor fish', and being a tempo up
on the Blumenfeld Gambit White has good chances of an edge.}) 4. Qb3 (4. d3 {
was my own choice against another Israeli player:} Bxf3 5. exf3 e5 6. b5 Bb4+
7. Bd2 Bxd2+ 8. Nxd2 Nd7 9. g3 Ngf6 10. Bh3 O-O 11. O-O $11 {Fernandez,D-Kobo,
O Paracin 2017}) 4... Bxf3 (4... Nf6 $5 {is also possible, trying to get White
to reconsider allowing the doubled f-pawns.}) (4... a5 5. Bb2 axb4 6. Nxd4 e5 {
is the maximalist approach, whereupon White's only move to play for an edge is
probably} 7. h3 $1 Bd7 8. Nf3 f6 9. d4 $36) 5. Qxf3 c6 6. g3 e5 7. Qb3 {
I'm not a big fan of this move, as I generally believe the c5-square is of
questionable (and usually overstated) importance in this line.} (7. b5 {
therefore looks logical}) 7... a5 (7... h5 $5 {might have led to positions
that were more auspicious for a later Black kingside attack based on ...f5.} 8.
h4 a5 9. b5 a4 10. Qc2 cxb5 11. cxb5 Nd7 $11) 8. b5 $1 {Now there isn't a
choice.} a4 9. Qc2 Bc5 10. Bg2 Ne7 11. O-O O-O 12. d3 Nd7 13. Nd2 f5 14. Rb1
Nf6 {Since both sides have been basically making neutral moves, the value of
White's bishop-pair has appreciated considerably.} 15. Nf3 Qd6 16. bxc6 bxc6
17. Rb7 Ng6 18. Bh3 Ne7 19. e3 (19. Re1 $5 {It would have been interesting to
try and take back on e3 with a rook and stretch Black's defences of the
central pawns. Against casual play White quickly gains a very significant edge,
e.g.} Rfd8 20. e3 dxe3 21. Bxe3 Bxe3 22. Rxe3 Nd7 23. Qc3 (23. c5 $5) 23... Nc5
24. Rb1 Nxd3 25. Nxe5 $36) 19... dxe3 20. Bxe3 Bxe3 21. fxe3 Nd7 (21... c5 $1 {
was principled and exploits White's decision to play with pawns on e3 and d3.
Now Black gets enough counterplay with either ...Rad8 or ...e4 next.}) 22. d4
Rad8 {So White still has something here, but the position is confusing.} 23.
dxe5 $2 (23. Qxa4 Qh6 24. Qa3 $1 {is an odd but useful computer tactic, and so
is} c5 25. dxe5 $1) 23... Nxe5 24. Nd4 (24. Qxa4 {is still possible, but
White's position is too fractured for the pawn to actually have any value, for
instance} Nxf3+ 25. Rxf3 Qe5 $44) 24... Qa3 25. Qe2 g6 26. c5 $2 {Perhaps
hoping that after an intermezzo the fork on e6 would become good?} (26. Ne6 Rb8
{is ineffectual}) (26. Rfb1 {is the best way to limit damage, ensuring that
White keeps the b-file and threatening Ne6 for real.} Rfe8 (26... Nc8 $5 27.
Ne6 Rd6 28. Nxf8 Rd2 29. Qf1 Qxe3+ 30. Kh1 Nd3 31. Bg2 $1 $11 {is a bizarre
draw}) 27. Bg2 {Maybe Black has some way to keep a small edge here, but it's
also possible for the tide to suddenly turn against him.}) 26... Nd5 ({The calm
} 26... Rfe8 $17 {left White with insurmountable problems}) 27. Re1 $2 (27. Ne6
Rb8 28. Qa6 {was the unpalatable necessity, giving Black numerous different
perpetual checks on demand but creating counterplay.}) 27... Nc3 ({And now} 
27... Rb8 {was best, since} 28. Reb1 Nc3 {is lost.}) 28. Qf1 (28. Qb2 Qxb2 29.
Rxb2 Nd3 30. Rc2 Nxe1 31. Rxc3 $17 {retains some practical chances}) 28... Qxa2
{Now the game is, for practical purposes, over; White's next move merely
accelerated the end.} 29. Qf4 Nd3 30. Qf1 Nxe1 31. Qxe1 Ne4 32. Nxc6 Rd2 33.
Bf1 Rf7 34. Nb4 Qb3 35. Rb8+ Rf8 36. Rb7 a3 37. c6 a2 38. c7 a1=Q 39. Bc4+ Qxc4
40. Qxa1 Nc3 0-1

[Event "Douglas PokerStars op"]
[Site "Douglas"]
[Date "2015.10.07"]
[Round "5"]
[White "Greenfeld, Alon"]
[Black "Short, Nigel D"]
[Result "0-1"]
[WhiteElo "2534"]
[BlackElo "2678"]
[Annotator "Fischer,J"]
[PlyCount "44"]
[EventDate "2015.10.03"]
[EventType "swiss"]
[EventRounds "9"]
[EventCountry "IOM"]
[SourceTitle "CBM 168 Extra"]
[Source "ChessBase"]
[SourceDate "2015.10.29"]
[SourceVersion "1"]
[SourceVersionDate "2015.10.29"]
[SourceQuality "1"]

1. Nf3 d5 2. c4 d4 3. b4 Bg4 4. g3 ({More common is} 4. Qb3) 4... f6 {
Technically a new move - though the idea to play ...e5 is well-known.} 5. Bg2
e5 6. O-O Nd7 7. Qb3 a5 8. e3 {White decides to give the b-pawn to open files
and exploit the fact that Black is behind in development and that the black
king is still in the middle of the board.} dxe3 9. fxe3 axb4 10. d4 Be6 11. Bb2
Nh6 12. dxe5 fxe5 13. Nbd2 {Instead of winning back the sacrificed pawn White
decides to increase the pressure and develops another piece.} ({After} 13. Nxe5
Nxe5 14. Bxe5 Ng4 15. Bd4 c5 16. Bb2 {the position remains dynamic and is
roughly equal.}) 13... Nf7 14. Nd4 $1 {An inspired piece sacrifice. White
opens the e-file to attack Black's king.} exd4 15. exd4 {Die Öffnung der
a-Linie garantiert den Figurenrückgewinn.} Nde5 {Black is ready to give
material back.} ({Being greedy does not pay off: After} 15... Be7 16. Rae1 Ra6
17. d5 Bg4 18. Bxg7 Rg8 19. Bd4 {the black king remains stuck in the center
and White has ample compensation for his piece.}) 16. Rae1 {White does not
want to take the offered knight but insists to continue with his attack.
However, he is in for a surprise: [#]} Bc5 $3 {A brillant idea. Black develops
the bishop - even though he sacrifices it - and suddenly has threats of his
own.} 17. Qe3 $2 {A very human reaction. But not the best.} ({The computer
prefers} 17. Bd5 $1 {and likes White's position, e.g.:} Bxd5 (17... O-O 18.
dxc5 (18. Bxe6 $2 Bxd4+ $11) 18... Re8 19. Nf3 $16) 18. cxd5 O-O 19. dxc5 $18)
(17. dxc5 {leads to complications with chances for both sides:} Qxd2 18. Bxe5 (
18. c6 $5 b5 19. Bxe5 O-O 20. Bf4 Qd4+ 21. Rf2 Bxc4 22. Qxb4 Rxa2 23. Be3 Qd6
$11) 18... Rxa2 19. Qf3 O-O 20. Bd6 $11) 17... Rxa2 18. dxc5 Rxb2 19. Rxf7 {
Perhaps White relied on this move when calculating the complications a few
moves earlier. Now, if Black had to take the rook things would be fine for
White. But Black has other options.} Qxd2 $1 {With a winning position for
Black.} 20. Qxd2 Rxd2 21. Rf4 Nd3 22. Rxe6+ Kd7 ({White loses material, e.g.} 
22... Kd7 23. Rfe4 Rd1+ 24. Bf1 b3 $19) 0-1

[Event "EU-ch 2nd"]
[Site "Ohrid"]
[Date "2001.06.03"]
[Round "3"]
[White "Arbakov, Valentin"]
[Black "Kocovski, Ivan"]
[Result "1-0"]
[WhiteElo "2491"]
[BlackElo "2324"]
[Annotator "Hecht,H"]
[PlyCount "81"]
[EventDate "2001.06.01"]
[EventType "swiss"]
[EventRounds "13"]
[EventCountry "YUG"]
[SourceTitle "CBM 084"]
[Source "ChessBase"]
[SourceDate "2001.09.13"]
[SourceVersion "1"]
[SourceVersionDate "2001.09.13"]
[SourceQuality "1"]

1. Nf3 d5 2. c4 d4 3. e3 Nc6 4. exd4 Nxd4 5. Nxd4 Qxd4 6. Nc3 e5 7. Qe2 f6 8.
d3 Bg4 9. f3 Bf5 10. Nd5 Qc5 11. d4 Qc6 12. Nc3 Bb4 13. Bd2 O-O-O 14. d5 Qb6
15. a3 Bxc3 16. Bxc3 Qb3 17. Qe3 Kb8 18. Be2 Ne7 19. O-O Qb6 20. Qxb6 axb6 21.
f4 exf4 22. Rxf4 Rhe8 23. Re1 Bc8 24. Bh5 Ng6 25. Rfe4 Rxe4 26. Rxe4 b5 27.
cxb5 Rxd5 28. Be2 Bd7 29. a4 Ne5 30. Kf2 Bf5 31. Rd4 Rxd4 32. Bxd4 b6 33. Bxe5
fxe5 34. b4 Bc2 35. a5 bxa5 36. bxa5 Ba4 37. Ke3 c6 38. b6 Bb5 39. Bxb5 cxb5 {
[#] Verbundene gegen getrennte Freibauern} 40. Ke4 b4 41. Kd3 {Die getrennten
Freibauern verlieren, weil sie eine Reihe zu weit hinten stehen.} (41. Kd3 b3
42. Kc3 e4 43. Kxb3 e3 44. Kc3 e2 45. Kd2 {q.e.d.}) 1-0

[Event "RUS-Cup6"]
[Site "Krasnodar"]
[Date "1997.03.12"]
[Round "2"]
[White "Zakharov, Alexander V"]
[Black "Shcherbakov, Ruslan"]
[Result "0-1"]
[WhiteElo "2375"]
[BlackElo "2580"]
[Annotator "Hecht,H"]
[PlyCount "126"]
[EventDate "1997.03.11"]
[EventType "swiss"]
[EventRounds "9"]
[EventCountry "RUS"]
[SourceTitle "EXT 2000"]
[Source "ChessBase"]
[SourceDate "1999.11.16"]
[SourceVersion "1"]
[SourceVersionDate "1999.11.16"]
[SourceQuality "1"]

1. Nf3 d5 2. c4 dxc4 3. e3 Be6 4. Na3 Nf6 5. Nxc4 Bd5 6. b3 e6 7. Bb2 Be7 8.
Be2 O-O 9. O-O c5 10. Rc1 Nbd7 11. Qc2 b6 12. Nce5 Nxe5 13. Nxe5 Rc8 14. Ba6
Rc7 15. f3 Ba8 16. Bd3 h6 17. Bc4 Nd5 18. a3 Bf6 19. f4 Ne7 20. Rf2 Bd5 21. Be2
Rc8 22. Ba6 Rb8 23. Bb5 Rb7 24. Ba6 Rc7 25. Be2 Bxe5 26. fxe5 Rd7 27. Rcf1 Bc6
28. Bc4 Nd5 29. Be2 Qa8 30. Bf3 Ne7 31. b4 Bxf3 32. Rxf3 cxb4 33. axb4 Qc6 34.
Qxc6 Nxc6 35. b5 Na5 36. Ba3 Rc8 37. Bb4 Nb3 38. R3f2 Rc4 39. Bc3 Nc5 40. Rf4
Re4 41. Ra1 Rxf4 42. exf4 {Beweglicher guter Springer gegen schlechten Läufer
bei weißen Bauernschwächen gegenüber nur einer (a7) bei Schwarz. Tragikomische
Schlußstellung!} g5 43. fxg5 hxg5 44. Kf2 Nd3+ 45. Ke3 Nf4 46. Kf3 Kg7 47. h4
Nd5 {[%csl Gd5]} 48. hxg5 Kg6 {[%csl Rb5,Rd2,Rg5]} 49. Bb2 Rc7 50. d3 Rc2 51.
Bd4 Rd2 52. Ra3 Rd1 53. Bf2 Rb1 54. Rxa7 Rxb5 55. Rb7 Rb3 56. Ke4 Rb2 57. Kf3
Rd2 58. d4 Rd3+ 59. Ke4 Rb3 60. g4 b5 61. Rb8 b4 62. Rg8+ Kh7 63. Rb8 Rc3 (
63... Rc3 64. Rb7 Kg6 65. Rb8 b3 66. Bg1 (66. Rg8+ Kh7 67. Rb8 Rc2 68. Kf3 b2
69. Be1 Rc1 $19) 66... Kxg5 67. Rg8+ Kh4 68. Rb8 Kh3 $19 {[%cal Rh3g2]}) 0-1

[Event "URS-ch58"]
[Site "Moscow"]
[Date "1991.??.??"]
[Round "10"]
[White "Neverov, Valeriy"]
[Black "Ibragimov, Ildar"]
[Result "0-1"]
[WhiteElo "2540"]
[BlackElo "2485"]
[Annotator "Horn,Pe"]
[PlyCount "96"]
[EventDate "1991.11.??"]
[EventType "swiss"]
[EventRounds "11"]
[EventCountry "URS"]
[SourceTitle "URS-ch"]
[Source "ChessBase"]
[SourceDate "1999.07.01"]
[SourceVersion "1"]
[SourceVersionDate "1999.07.01"]
[SourceQuality "1"]

1. Nf3 d5 2. c4 dxc4 3. e4 c5 (3... e6 4. Bxc4 c5 5. d4 $14 {Makarov-Ibragimov,
Smolensk 1991}) 4. Bxc4 Nc6 5. O-O e6 6. Nc3 a6 {N} (6... Nf6 7. d3 Be7 $13) 7.
d3 Nge7 8. Be3 (8. Ne2 $5 b5 9. Bb3) (8. a3) 8... Nd4 9. Bxd4 cxd4 10. Ne2 Nc6
11. Nd2 Be7 12. f4 O-O 13. a3 Kh8 14. Ng3 (14. f5 $2 exf5 15. exf5 Ne5) (14. e5
$1 $14) 14... f5 15. Qe2 (15. Qf3 e5 $6 (15... Bd6 16. exf5 exf5 17. Rae1 $14)
16. exf5 Bxf5 17. Nxf5 Rxf5 18. Qe4) 15... Bd6 16. Kh1 $2 (16. exf5 exf5 17.
Rae1 $14) 16... Qh4 17. e5 $2 {gibt Schwarz den Hebel g7-g5} (17. exf5 exf5 18.
Qf3) 17... Bc7 18. Rae1 Bd7 19. Qf2 b5 20. Ba2 Bb6 21. Ne2 Qxf2 22. Rxf2 g5 $1
23. Nf3 (23. fxg5 Nxe5 $17) (23. h4 $5 g4 (23... gxf4 24. Nxf4) (23... gxh4 24.
Nf3) (23... h6 24. hxg5 hxg5 25. g3) 24. Rc1) 23... g4 (23... gxf4 $2 24. Nxf4
$16) 24. Nd2 Rfc8 25. Rc1 a5 26. Nb3 $2 (26. Rff1) 26... a4 27. Nc5 Bxc5 28.
Rxc5 b4 $2 29. axb4 $2 (29. Rf1 b3 30. Bb1) 29... Nxb4 30. Rxc8+ Rxc8 {/\ Rc2}
31. Bc4 Nc2 $1 {><b2,><e3} 32. h3 (32. Nc1 Ne3) 32... gxh3 33. gxh3 Rb8 34. Kh2
Kg7 35. Ng3 Rxb2 36. Nh5+ Kg6 37. Nf6 Bc6 38. Bxe6 a3 39. Ng8 Nb4 $1 (39... a2
$2 40. Ne7+ Kg7 41. Bxa2 Rxa2 42. Nxc6) 40. Ne7+ Kg7 41. Nxf5+ Kf8 42. Kg3 Rxf2
43. Kxf2 Nxd3+ 44. Kg3 (44. Kf1 Nxf4 45. Bb3 d3 46. e6 Bd5) 44... Nc5 45. Bc4 (
45. Nxd4 Nxe6 46. Nxe6+ Ke7 47. Nd4 Ba4 $1 $19) 45... d3 46. e6 d2 47. e7+ Ke8
48. Be2 Bd5 (48... a2 49. Bh5+ $18) 0-1

[Event "Tilburg"]
[Site "Tilburg"]
[Date "1993.??.??"]
[Round "1"]
[White "Damljanovic, Branko"]
[Black "De Boer, Gert Jan"]
[Result "1/2-1/2"]
[WhiteElo "2570"]
[BlackElo "2435"]
[Annotator "Horn,Pe"]
[PlyCount "94"]
[EventDate "1993.11.??"]
[EventType "k.o."]
[EventRounds "7"]
[EventCountry "NED"]
[SourceTitle "CBM 039"]
[Source "ChessBase"]
[SourceDate "1994.04.01"]
[SourceVersion "1"]
[SourceVersionDate "1994.04.01"]
[SourceQuality "1"]

1. Nf3 Nf6 2. c4 c5 3. g3 Nc6 4. Bg2 d5 5. O-O d4 6. d3 e5 7. e3 Nd7 (7... dxe3
8. Bxe3 Be7 9. Nc3) (7... Be7 8. exd4 exd4 9. Bf4 O-O 10. Ne5 $14) 8. Re1 (8.
exd4 cxd4 $13) 8... Be7 9. Na3 O-O 10. Nc2 a5 11. Rb1 f5 12. exd4 cxd4 13. a3
a4 14. Bd2 Bf6 15. Bb4 Re8 16. Bd6 $5 $146 (16. Nd2 Kh8 17. c5 (17. Bd6 Qb6 18.
c5 (18. Nb4 Nxb4 19. Bxb4 Nc5 $10) 18... Nxc5 19. Nc4 Qb5 $13 {Ftacnik} (19...
Qa7 $2 20. Bxc6 bxc6 21. Nxd4 $16)) 17... e4 $2 (17... Be7 18. Nc4 Bxc5 19.
Bxc5 Nxc5 20. Bxc6 bxc6 21. Nxe5 Qf6 $13) 18. dxe4 Nde5 19. f4 Nd3 20. e5 $44 {
Damljanovic-Kamsky/Belgrad/1991}) 16... Ra6 (16... Qb6 $5 17. Nb4 (17. Ng5 Bxg5
18. Qh5 (18. Bd5+ Kh8 19. Qh5 Nf6 20. Qxg5) 18... Nf6 19. Qxg5 $13) 17... Nxb4
18. Bxb4 Nc5 $4 19. Nxd4 $18) 17. Nd2 {/\ Bd5-f7} g6 18. c5 Ra5 19. b4 (19. Nc4
$6 Rb5 {/\ Nxc5}) 19... axb3 20. Nxb3 Ra7 21. Nb4 Ndb8 $1 22. Qc1 (22. Bd5+ Be6
23. Bxe6+ Rxe6 24. Qc1) 22... Be6 23. Nd2 Kg7 24. Nc4 Bxc4 25. Qxc4 Qd7 (25...
Rxa3 26. Nxc6 Nxc6 (26... bxc6 27. Rxb8 $18) 27. Rxb7+ $16) 26. Nxc6 (26. Nd5
Rxa3) (26. Nc2 $5 {/\ Rb5,Reb1}) 26... Nxc6 27. Qd5 Qf7 (27... Rxa3 28. f4 (28.
Rxb7 $2 Qxb7 29. Qxc6 Qxc6 30. Bxc6 Rc8 $17) 28... exf4 29. Rxe8 Qxe8 30. Rxb7+
Kh8 31. Rb1 $1 (31. Qxc6 $2 Ra1+ 32. Bf1 Qe3+ 33. Kg2 f3+ 34. Kh3 Qh6#) (31.
Bxf4 Ra1+ 32. Bf1 Qe2 33. Qg2 Qxd3) 31... Qe3+ (31... Nd8 32. c6 $18) 32. Kh1
Qxd3 33. Re1 f3 34. Re8+ Kg7 35. Bf8+ Kh8 36. Bh6#) 28. Qxf7+ Kxf7 29. Bd5+ Kg7
30. Rxb7+ (30. Rb3 {/\ Reb1+/-}) 30... Rxb7 31. Bxc6 Rbb8 32. Bxe8 Rxe8 33. c6
$2 (33. a4 $5 Ra8 34. Ra1 Kf7 35. a5 Ra6 36. Bc7 Ke6 37. Bb6 $16) (33. Rb1 $5
$16) 33... Kf7 34. c7 (34. f4 e4 35. dxe4 fxe4 36. c7 e3 37. Kg2 Ke6) 34... Ke6
35. Bxe5 (35. Bb4 Rc8 36. Rc1 Kd7 37. Ba5 Be7 $10) 35... Bxe5 36. f4 Rc8 37.
Rxe5+ (37. fxe5 Rxc7) 37... Kd6 38. Ra5 Rxc7 39. Ra6+ Kd5 40. Ra5+ Kd6 41. h4
Rc3 42. h5 Rxd3 43. Kf2 Ke6 44. hxg6 hxg6 45. a4 Ra3 46. Re5+ Kf6 47. a5 g5
1/2-1/2